000 004130000a22001690004500
003 MACL
005 20151021104343.0
008 151021b xxu||||| |||| 00| 0 eng d
040 _aMACL
_cMACL
041 _aEnglish
082 _a954/HEM
100 _aHemalatha, B
_916057
245 _aLife In Medieval Northern Andhra
260 _bNavrang
_c1991
_aNew Delhi
650 _aHistory
_916058
942 _cBK
_k954
_2ddc
999 _c4563
_d4563